[Event "Mistrzostwa Polski Mlodzikow do lat 10 - Chlopcy"]
[Site "Karpacz"]
[Date "1899-12-30"]
[Round "6.5"]
[White "Demski, Michal"]
[Black "Nowak, Filip"]
[Result "1/2-1/2"]
[WhiteTitle "II"]
[BlackTitle "II"]
[WhiteElo "1305"]
[BlackElo "1389"]

1. e4 e6 2. d4 d5 3. exd5 exd5 4. Bd3 Nc6 5. c3 Bd6 6. Be3 Nge7 7. Nf3 Bf5 8. Bxf5
Nxf5 9. O-O Qd7 10. Qb3 Na5 11. Qc2 Nc4 12. Nbd2 Nxd2 13. Qxd2 O-O 14. Bf4 f6
15. Bxd6 Nxd6 16. Qf4 Qf5 17. Qxf5 Nxf5 18. Nd2 Nd6 19. f3 c6 20. b3 b5 21. Rfe1
Rfe8 22. Kf2 Kf7 23. a4 a6 24. axb5 axb5 25. b4 Rxe1 26. Rxa8 Rc1 27. Ra3 Rc2
28. Ke3 Nc8 29. Kd3 Rc1 30. g3 Rg1 31. Ra8 Ne7 32. f4 Rg2 33. Nf3 Rf2 34. Ke3
Rc2 35. Kd3 Rf2 36. Ke3 Rc2 37. Kd3 Rf2 38. Ke3 Rc2 39. Kd3 1/2-1/2

[Event "Mistrzostwa Polski Mlodzikow do lat 10 - Chlopcy"]
[Site "Karpacz"]
[Date "1899-12-30"]
[Round "6.6"]
[White "Kopaniewski, Wojciech"]
[Black "Malinowski, Szymon"]
[Result "0-1"]
[WhiteTitle "II"]
[BlackTitle "II+"]
[WhiteElo "1370"]
[BlackElo "1360"]

1. e4 c5 2. Nf3 d6 3. d4 cxd4 4. Nxd4 Nf6 5. Nc3 Nc6 6. Be3 Ng4 7. Qd2 Nxe3 8.
Qxe3 e6 9. O-O-O Be7 10. g4 Qb6 11. Na4 Qd8 12. f4 e5 13. Nf3 Bxg4 14. Be2 Bxf3
15. Bxf3 exf4 16. Qb3 Qc7 17. Bg4 O-O 18. Rhf1 Bf6 19. Kb1 Be5 20. Nc3 Ne7 21.
Rf3 a6 22. Rg1 Qc5 23. Rg2 b5 24. Ne2 Ng6 25. Rh3 Qc4 26. Qf3 Rac8 27. Nc1 a5
28. Bf5 a4 29. Qh5 h6 30. Bxc8 Rxc8 31. Qe2 Qb4 32. Nd3 Qc4 33. Nxe5 Qxe2 34.
Rxe2 dxe5 35. Rd2 Rc4 36. Re2 Nf8 37. b3 axb3 38. axb3 Rc5 39. Rd2 Ne6 40. Rd5
Kf8 41. Kc1 Ke7 42. Rhd3 f6 43. Kd2 Rc7 44. h4 Nc5 0-1

[Event "Mistrzostwa Polski Mlodzikow do lat 10 - Chlopcy"]
[Site "Karpacz"]
[Date "1899-12-30"]
[Round "6.7"]
[White "Krawczyk, Flawian"]
[Black "Grot, Blazej"]
[Result "1/2-1/2"]
[WhiteTitle "II"]
[BlackTitle "II"]
[WhiteElo "1292"]
[BlackElo "1341"]

1. e4 c5 2. Nf3 d6 3. d4 cxd4 4. Nxd4 Nf6 5. Nc3 a6 6. Be3 e6 7. f3 Be7 8. Qd2
Nc6 9. O-O-O Nxd4 10. Bxd4 b5 11. g4 h6 12. h4 Qa5 13. Kb1 e5 14. Be3 Be6 15.
Nd5 Qxd2 16. Nxf6+ Bxf6 17. Bxd2 d5 18. exd5 Bxd5 19. Be2 Bb7 20. Bc1 e4 21. f4
g6 22. Be3 Rc8 23. Bd4 Bxd4 24. Rxd4 O-O 25. g5 h5 26. f5 Rfd8 27. Rxd8+ Rxd8
28. Rd1 Rxd1+ 29. Bxd1 gxf5 30. Kc1 Kg7 31. Bxh5 f4 32. Kd2 f6 33. gxf6+ Kxf6
34. Bg4 Kg6 35. c3 Kf6 36. Ke2 Bd5 37. b3 Bg8 38. Bc8 a5 39. Bd7 a4 40. Bxb5 axb3
41. axb3 Bxb3 1/2-1/2

[Event "Mistrzostwa Polski Mlodzikow do lat 10 - Chlopcy"]
[Site "Karpacz"]
[Date "1899-12-30"]
[Round "6.8"]
[White "Adamala, Jacek"]
[Black "Herwy, Jakub"]
[Result "1-0"]
[WhiteTitle "II"]
[BlackTitle "II"]
[WhiteElo "1360"]
[BlackElo "1207"]

1. e4 c5 2. Nf3 d6 3. d4 cxd4 4. Nxd4 Nc6 5. Nc3 Nf6 6. Bc4 a6 7. O-O Qb6 8. Nxc6
bxc6 9. Bb3 g6 10. Be3 c5 11. Nd5 Qd8 12. Nxf6+ exf6 13. Qd5 Be6 14. Ba4+ Bd7
15. Bxd7+ Kxd7 16. Qxf7+ Qe7 17. Qd5 Rc8 18. Rad1 Ke8 19. f4 Qf7 20. e5 dxe5 21.
Qxf7+ Kxf7 22. fxe5 f5 23. Bg5 Be7 24. Rd7 Rhe8 25. Rfd1 Rc6 26. R1d6 Rcc8 27.
Rxa6 Kf8 28. Bh6+ Kg8 29. Raa7 Rcd8 30. Rxe7 Rxe7 31. Rxe7 Rb8 32. Rg7+ Kh8 33.
e6 Re8 34. e7 c4 35. Rf7 Rg8 36. Bg5 h5 37. Bf6+ Rg7 38. e8=R+ Kh7 39. Rxg7+ Kh6
40. Rh8# 1-0

[Event "Mistrzostwa Polski Mlodzikow do lat 10 - Chlopcy"]
[Site "Karpacz"]
[Date "1899-12-30"]
[Round "6.9"]
[White "Krol, Jan"]
[Black "Meers, Hubert"]
[Result "1/2-1/2"]
[WhiteTitle "II"]
[BlackTitle "I"]
[WhiteElo "1206"]
[BlackElo "1555"]

1. d4 Nf6 2. c4 d5 3. Nc3 e6 4. Bg5 Bb4 5. Qc2 O-O 6. e3 h6 7. Bxf6 Qxf6 8. cxd5
exd5 9. Bd3 c6 10. Nf3 Qe7 11. O-O f5 12. Ne2 Bd6 13. Qd2 Nd7 14. Ng3 f4 15. Nf5
Qe6 16. Nxd6 Qxd6 17. Rae1 fxe3 18. fxe3 Nf6 19. h3 Bd7 20. Ne5 Rfe8 21. Qc3 Rac8
22. Nxd7 Nxd7 23. Bf5 Rcd8 24. Bxd7 Rxd7 25. Rf3 a6 26. a3 Rde7 27. b4 Re4 28.
Qc5 Qe6 29. Kf2 g5 30. Qb6 Qd7 31. Qc5 h5 32. Rf6 Kg7 33. Qd6 Qxd6 34. Rxd6 R4e7
35. Kf3 Kf7 36. Rh6 Rf8 37. Ke2 Kg7 38. Rd6 g4 39. hxg4 hxg4 40. a4 g3 41. Rf1
Rxe3+ 42. Kxe3 Rxf1 43. Rd7+ Kg8 44. Rxb7 Rf2 45. Rc7 Rxg2 46. Kf3 Rb2 47. Kxg3
Rxb4 48. Rxc6 Rxa4 49. Rd6 Rxd4 50. Rxa6 Kf7 51. Kf3 Rb4 52. Ke3 Ke7 53. Kd3 d4
54. Rc6 Kd7 55. Rc4 Rxc4 56. Kxc4 d3 57. Kxd3 1/2-1/2

[Event "Mistrzostwa Polski Mlodzikow do lat 10 - Chlopcy"]
[Site "Karpacz"]
[Date "1899-12-30"]
[Round "6.10"]
[White "Borowik, Wojciech"]
[Black "Zalega, Maciej"]
[Result "0-1"]
[WhiteTitle "II"]
[BlackTitle "II"]
[WhiteElo "1361"]
[BlackElo "1215"]

1. d4 f5 2. c4 e6 3. Nc3 d5 4. Nf3 c6 5. Bf4 Nf6 6. e3 Bd6 7. Bxd6 Qxd6 8. Bd3
O-O 9. O-O Nbd7 10. cxd5 Nxd5 11. Qc2 b6 12. Rac1 Nb4 13. Qd2 a5 14. a3 Nxd3 15.
Qxd3 Ba6 16. Qc2 Bxf1 17. Kxf1 Rac8 18. Rd1 Rfd8 19. Qb3 h6 20. Ne2 Qd5 21. Qc3
Nf6 22. Nf4 Qb5+ 23. Kg1 Rd6 24. Ne5 c5 25. Nc4 Rd7 26. Ne5 Rdd8 27. Nxe6 Re8
28. Nf4 cxd4 29. Qxd4 Qxe5 30. Qxe5 Rxe5 31. g3 Rc2 32. Rb1 Rec5 33. Nd3 Rd5 34.
Ne1 Rcd2 35. b4 Rd1 36. Rxd1 Rxd1 37. Kf1 axb4 38. axb4 Rb1 39. Ke2 Rb2+ 40. Kd3
Rxb4 41. Kc3 Nd5+ 42. Kd3 Rb2 43. e4 fxe4+ 44. Kxe4 Re2+ 45. Kxd5 Rxe1 46. Kc6
Re2 47. Kxb6 Rxf2 48. h3 Rc2 49. h4 h5 50. Kb5 Kf7 51. Kb4 Ke6 52. Kb3 Rc8 53.
Kb4 Kd5 54. Kb3 Kd4 55. Kb2 Kd3 56. Kb1 Kd2 57. Kb2 Rb8+ 58. Ka3 Kc3 59. Ka4 Kc4
60. Ka5 Rb1 61. Ka6 Kc5 62. Ka7 Kc6 63. g4 hxg4 64. h5 g3 65. h6 gxh6 66. Ka8
Kc7 67. Ka7 Ra1# 0-1

[Event "Mistrzostwa Polski Mlodzikow do lat 10 - Chlopcy"]
[Site "Karpacz"]
[Date "1899-12-30"]
[Round "6.11"]
[White "Sniadecki, Oskar"]
[Black "Wiszniewski, Szymon"]
[Result "0-1"]
[WhiteTitle "III"]
[BlackTitle "II"]
[WhiteElo "1196"]
[BlackElo "1270"]

1. d4 Nf6 2. Nf3 c5 3. c3 b6 4. Bf4 e6 5. e3 d5 6. Nbd2 Bd6 7. Bg3 O-O 8. Bd3 Bb7
9. O-O Ne4 10. Rc1 Nxg3 11. fxg3 Nd7 12. Bb1 Nf6 13. c4 Rc8 14. Qa4 a6 15. Qc2
cxd4 16. exd4 dxc4 17. Ng5 g6 18. Rf2 Nd5 19. Nde4 Be7 20. Qd2 Nf6 21. Rcf1 Nxe4
22. Nxe4 Bxe4 23. Bxe4 Bg5 24. Qc3 b5 25. Rd1 a5 26. b4 axb4 27. Qxb4 Be3 28.
Qxb5 Qf6 29. Qb2 Bxf2+ 30. Qxf2 Qxf2+ 31. Kxf2 c3 32. Ke3 Rc7 33. Rc1 Rfc8 34.
h3 Ra7 35. Bb1 Ra3 36. Rc2 Rb8 0-1

[Event "Mistrzostwa Polski Mlodzikow do lat 10 - Chlopcy"]
[Site "Karpacz"]
[Date "1899-12-30"]
[Round "6.12"]
[White "Jarocki, Gabriel"]
[Black "Jaskiewicz, Kacper"]
[Result "0-1"]
[WhiteTitle "II"]
[BlackTitle "II"]
[WhiteElo "1241"]
[BlackElo "1213"]

1. d4 d5 2. c4 e6 3. Nc3 Nf6 4. Bg5 Nbd7 5. Nf3 c6 6. e3 Qa5 7. Nd2 dxc4 8. Nxc4
Qxg5 9. f4 Qg6 10. g3 Ne4 11. Bg2 Bb4 12. Rc1 Nb6 13. Bxe4 f5 14. Ne5 Qf6 15.
Bg2 Nd5 16. Qd3 Bd7 17. O-O Bxc3 18. bxc3 Rd8 19. Rb1 Bc8 20. c4 Nc7 21. Qa3 a6
22. Rfd1 Qe7 23. Qxe7+ Kxe7 24. Rb3 Kf6 25. Rbd3 Ke7 26. d5 cxd5 27. cxd5 Nxd5
28. Bxd5 Rxd5 29. Rxd5 exd5 30. Rxd5 Be6 31. Rc5 Rc8 32. Rxc8 Bxc8 33. Kf2 Be6
34. a3 Bd5 35. Ke2 Kd6 36. Kd3 a5 37. Nc4+ Bxc4+ 38. Kxc4 Kc6 39. a4 b5+ 40. axb5+
Kb6 41. h3 h5 42. Kd4 Kxb5 43. Ke5 a4 44. Kxf5 a3 45. e4 a2 46. e5 a1=Q 47. Ke6
Qg1 48. f5 Qxg3 49. f6 Qxh3+ 50. Kf7 gxf6 51. exf6 Qf5 52. Kg7 h4 53. f7 h3 54.
f8=Q Qxf8+ 55. Kxf8 h2 56. Kg7 h1=Q 57. Kg8 Qf3 58. Kh8 Qg4 59. Kh7 Kc6 60. Kh8
Kd7 61. Kh7 Ke7 62. Kh8 Kf7 63. Kh7 Qh5# 0-1

[Event "Mistrzostwa Polski Mlodzikow do lat 10 - Chlopcy"]
[Site "Karpacz"]
[Date "1899-12-30"]
[Round "6.13"]
[White "Kubaszewski, Piotr"]
[Black "Rylski, Tadeusz"]
[Result "1/2-1/2"]
[WhiteTitle "II"]
[BlackTitle "II"]
[WhiteElo "1180"]
[BlackElo "1241"]

1. e4 e5 2. Nf3 Nc6 3. d4 exd4 4. Nxd4 Nf6 5. Nc3 Bb4 6. Nxc6 bxc6 7. Bd3 Qe7 8.
O-O O-O 9. Bf4 d5 10. exd5 cxd5 11. Bg5 Bxc3 12. bxc3 Qe5 13. Bxf6 Qxf6 14. Qh5
h6 15. Qxd5 Be6 16. Qe4 g6 17. Qc6 Qd8 18. Rfd1 Bd5 19. Qc5 Qg5 20. Bf1 c6 21.
c4 Be4 22. Qxg5 hxg5 23. Bd3 Bf5 24. Bxf5 gxf5 25. Rd3 Rab8 26. Rb3 Rfe8 27. g3
Kg7 28. Rab1 Ra8 29. Rb7 Re4 30. R7b4 c5 31. Ra4 f6 32. Kf1 Kg6 33. f3 Rd4 34.
Rb3 Rd2 35. Ra5 Rxc2 36. Rxc5 Rxa2 37. Rd5 Rxh2 38. c5 Rc2 39. Rb7 Rc8 40. Rdd7
Rg8 41. Rxa7 Rxc5 1/2-1/2

[Event "Mistrzostwa Polski Mlodzikow do lat 10 - Chlopcy"]
[Site "Karpacz"]
[Date "1899-12-30"]
[Round "6.14"]
[White "Grzadka, Artur"]
[Black "Jaworski, Tymon"]
[Result "1-0"]
[WhiteTitle "II"]
[BlackTitle "II"]
[WhiteElo "1233"]
[BlackElo "1166"]

1. d4 d5 2. c4 e6 3. Nc3 Nf6 4. Bg5 Be7 5. Nf3 O-O 6. e3 b6 7. Bf4 Ba6 8. Ne5 Bb7
9. cxd5 Nxd5 10. Be2 Nxf4 11. exf4 Bxg2 12. Rg1 Bb7 13. Bd3 f5 14. Qe2 Bb4 15.
Rg3 Qxd4 16. Qd2 Nc6 17. O-O-O Bxc3 18. bxc3 Qd6 19. Nc4 Qe7 20. Rdg1 Rf7 21.
Qe2 Rd8 22. Rh3 Qd7 23. Qh5 g6 24. Rxg6+ Kh8 25. Qe2 Re8 26. Ne5 Nxe5 27. Qxe5+
Rg7 28. Bxf5 exf5 29. Rxg7 Rxe5 30. Rhxh7# 1-0

[Event "Mistrzostwa Polski Mlodzikow do lat 10 - Chlopcy"]
[Site "Karpacz"]
[Date "1899-12-30"]
[Round "6.15"]
[White "Wolski, Michal"]
[Black "Kozera, Dawid"]
[Result "1-0"]
[WhiteTitle "II"]
[BlackTitle "II"]
[WhiteElo "1165"]
[BlackElo "1221"]

1. e4 c5 2. Nf3 d6 3. d4 cxd4 4. Nxd4 Nf6 5. Nc3 g6 6. Be3 Bg7 7. f3 O-O 8. Qd2
Nc6 9. Bc4 Bd7 10. O-O-O Rc8 11. Bb3 Ne5 12. h4 h5 13. Bg5 Nc4 14. Bxc4 Rxc4 15.
Qe2 Rc5 16. Nb3 Rc8 17. e5 dxe5 18. Bxf6 Bxf6 19. g4 hxg4 20. fxg4 Qc7 21. g5
Bg7 22. h5 e4 23. hxg6 Qf4+ 24. Kb1 Bg4 25. Rdf1 Qxg5 26. Qxe4 Qxg6 27. Qxe7 Bf5
28. Rfg1 Qb6 29. Qh4 Bg6 30. Nd5 Bxc2+ 31. Ka1 Qe6 32. Qh8# 1-0

[Event "Mistrzostwa Polski Mlodzikow do lat 10 - Chlopcy"]
[Site "Karpacz"]
[Date "1899-12-30"]
[Round "6.16"]
[White "Skrzypinski, Jan"]
[Black "Kusiak, Mateusz"]
[Result "1/2-1/2"]
[WhiteTitle "II"]
[BlackTitle "II"]
[WhiteElo "1088"]
[BlackElo "1221"]

1. e4 c5 2. Nf3 Nc6 3. d4 cxd4 4. Nxd4 g6 5. Nc3 Bg7 6. Be3 Nf6 7. f3 O-O 8. Qd2
d6 9. Bc4 Bd7 10. Bb3 Nxd4 11. Bxd4 Bc6 12. O-O-O Nd7 13. Bxg7 Kxg7 14. h4 Rh8
15. h5 h6 16. Qd4+ Nf6 17. hxg6 fxg6 18. e5 dxe5 19. Qxe5 Qf8 20. Rhe1 Re8 21.
Bd5 Bxd5 22. Nxd5 Qf7 23. Nc7 Rc8 24. Qxe7 Rxc7 25. Qa3 Rhc8 26. Rd2 b6 27. Kb1
Re8 28. Red1 Rce7 29. b3 Re2 30. Qb4 Rxd2 31. Qxd2 Re7 32. Qf2 Ne4 33. Qd4+ Qf6
34. fxe4 h5 35. Qxf6+ Kxf6 36. Rd6+ Re6 37. Rd7 a5 38. Rb7 Ke5 39. c4 Kxe4 40.
Rf7 g5 41. Rf1 h4 42. Kc2 Rd6 43. a3 Ke3 44. Re1+ Kf2 45. Re5 Rg6 46. Kd2 Kxg2
47. Re2+ Kf3 48. Re3+ Kf4 49. Rh3 Kg4 50. Rh1 h3 51. Ke2 Kg3 52. Rg1+ Kh2 53.
Rg4 a4 54. b4 Re6+ 55. Kf2 Re5 56. Kf1 Re3 57. Rxg5 Rxa3 58. c5 bxc5 59. bxc5
Rc3 60. Rg4 a3 61. Ra4 Rxc5 62. Rxa3 Rf5+ 63. Ke1 Kg2 64. Ra2+ Kg1 65. Ra8 Rf2
66. Rg8+ Rg2 67. Rf8 Rg5 68. Rf1+ Kh2 69. Kf2 Rg2+ 70. Kf3 Rg1 71. Kf2 Rg7 72.
Kf3 Rg8 73. Kf2 Rb8 74. Kf3 Rb3+ 75. Kf2 Ra3 76. Re1 Ra2+ 77. Kf3 Rg2 78. Rf1
Rg1 79. Kf2 Rg4 80. Kf3 Rc4 81. Kf2 Rc2+ 82. Kf3 Rg2 83. Re1 Rg1 84. Re2+ Kh1
85. Re8 h2 86. Kf2 Ra1 87. Rg8 Ra2+ 88. Kf1 Ra5 89. Rg7 Ra1+ 90. Kf2 Rg1 91. Re7
Rg2+ 92. Kf1 Rg6 93. Re8 Rf6+ 94. Ke2 Rf5 95. Rg8 Rf4 96. Rg7 Ra4 97. Rg8 Ra1
98. Kf2 Rg1 99. Re8 Rc1 100. Rg8 Rd1 101. Rg7 Rd5 102. Rg8 Ra5 103. Rg7 1/2-1/2

[Event "Mistrzostwa Polski Mlodzikow do lat 10 - Chlopcy"]
[Site "Karpacz"]
[Date "1899-12-30"]
[Round "6.17"]
[White "Warchol, Kamil"]
[Black "Trzebinski, Patryk"]
[Result "0-1"]
[WhiteTitle "II"]
[BlackTitle "II"]
[WhiteElo "1178"]
[BlackElo "1293"]

1. e4 d5 2. exd5 Nf6 3. Nc3 Nxd5 4. Nxd5 Qxd5 5. d4 Nc6 6. Be3 Bf5 7. Nf3 e6 8.
Be2 Be7 9. O-O O-O 10. Qd2 Rfd8 11. Rfd1 Nb4 12. c4 Qe4 13. Bg5 f6 14. Be3 Nc2
15. Rac1 Nxe3 16. Qxe3 Qxe3 17. fxe3 c5 18. Kf2 Be4 19. Rd2 e5 20. d5 Rd6 21.
Nh4 g5 22. Nf3 g4 23. Ne1 f5 24. Nd3 Bxd3 25. Bxd3 e4 26. Be2 Kf7 27. Rf1 h5 28.
h3 Kg6 29. Bd1 Bg5 30. Bc2 Re8 31. Re1 Kf6 32. Kg1 g3 33. Rde2 h4 34. a3 Rb6 35.
Rb1 a5 36. Ba4 Rd8 37. Bb5 Ke5 38. Rbe1 Rf6 39. Ba4 Rdf8 40. Bc2 Bh6 41. Rd1 Kd6
42. Rde1 R6f7 43. Ba4 Bg7 44. Bb3 f4 45. exf4 Bd4+ 46. Kh1 Rxf4 47. Rd2 Rf1+ 48.
Rxf1 Rxf1# 0-1

[Event "Mistrzostwa Polski Mlodzikow do lat 10 - Chlopcy"]
[Site "Karpacz"]
[Date "1899-12-30"]
[Round "6.18"]
[White "Klisowski, Bartosz"]
[Black "Gromek, Pawel"]
[Result "0-1"]
[WhiteTitle "II"]
[BlackTitle "II"]
[WhiteElo "1166"]
[BlackElo "1231"]

1. c4 e5 2. Nc3 Nf6 3. g3 c6 4. Bg2 d5 5. d4 e4 6. Bg5 Be6 7. cxd5 cxd5 8. Qb3
b6 9. Bxf6 gxf6 10. e3 Nc6 11. a3 Na5 12. Qb5+ Qd7 13. Qxd7+ Kxd7 14. b4 Nc4 15.
Nge2 Bh6 16. O-O Rac8 17. h3 a6 18. a4 Rc7 19. Rac1 Rhc8 20. Rfd1 Kd6 21. Kf1
f5 22. Nf4 Bxf4 23. gxf4 h5 24. Ne2 h4 25. Ra1 Nb2 26. Rdb1 Nd3 27. Ra2 Rc2 28.
Rxc2 Rxc2 29. b5 a5 30. Ra1 f6 31. f3 Bf7 32. fxe4 fxe4 33. f5 Bg8 34. Nf4 Nxf4
35. exf4 Bh7 36. Ra3 Bxf5 37. Ra1 Rc3 38. Kf2 Rd3 39. Rc1 Bd7 40. Rc2 Rxd4 41.
Ra2 Rd3 42. Rc2 Ra3 43. Re2 Rxa4 44. Ke3 Ra3+ 45. Kd4 Rd3# 0-1

[Event "Mistrzostwa Polski Mlodzikow do lat 10 - Chlopcy"]
[Site "Karpacz"]
[Date "1899-12-30"]
[Round "6.19"]
[White "Filipiak, Adam"]
[Black "Wierzbicki, Dawid"]
[Result "1-0"]
[WhiteTitle "III"]
[BlackTitle "II"]
[WhiteElo "1160"]
[BlackElo "1441"]

1. d4 e6 2. c4 b6 3. Nc3 Bb4 4. Qb3 a5 5. a3 a4 6. Qc2 Bxc3+ 7. Qxc3 Nc6 8. e4
Na5 9. Nf3 Bb7 10. d5 Nf6 11. Bd3 Nb3 12. Rb1 Nxc1 13. Rxc1 O-O 14. O-O exd5 15.
cxd5 Rc8 16. Qc2 d6 17. Qxa4 Re8 18. Rfe1 Ra8 19. Qc2 Qd7 20. Qxc7 Qxc7 21. Rxc7
Rab8 22. Kf1 h6 23. Nd4 Ng4 24. f3 Ne5 25. Bb5 Rec8 26. Rec1 Rxc7 27. Rxc7 Kh7
28. Nf5 Ba8 29. Nxd6 Rf8 30. f4 Rc8 31. Rxf7 Rc7 32. Rxc7 1-0

[Event "Mistrzostwa Polski Mlodzikow do lat 10 - Chlopcy"]
[Site "Karpacz"]
[Date "1899-12-30"]
[Round "6.20"]
[White "Jendrowiak, Maciej"]
[Black "Pancewicz, Szymon"]
[Result "1-0"]
[WhiteTitle "III"]
[BlackTitle "II"]
[WhiteElo "1143"]
[BlackElo "1421"]

1. d4 Nf6 2. Nf3 c5 3. d5 d6 4. Nc3 g6 5. e4 Bg7 6. Be2 O-O 7. O-O a6 8. a4 Bg4
9. h3 Bxf3 10. Bxf3 Nbd7 11. Bf4 Rb8 12. Qe2 Qc7 13. Rfe1 Ne8 14. a5 b5 15. axb6
Rxb6 16. Na4 Rb5 17. c4 Rb4 18. Bd2 Rb7 19. Bc3 Bxc3 20. Nxc3 Nef6 21. Rxa6 Rfb8
22. Nb5 Qd8 23. Rea1 Ne5 24. g3 Nxc4 25. Na7 Ne5 26. Nc6 Nxc6 27. dxc6 Rxb2 28.
Qd3 R2b3 29. Qd1 e5 30. Ra7 R3b6 31. c7 Qf8 32. cxb8=Q Rxb8 33. Qa4 Kg7 34. Ra8
Qd8 35. Rxb8 Qxb8 36. Qc6 Qb3 37. Kg2 Qe6 38. Rd1 Ne8 39. Bg4 f5 40. exf5 gxf5
41. Bh5 Nf6 42. Rxd6 Qe7 43. Be2 e4 44. Re6 Qf7 45. Qd6 Ng8 46. Qe5+ Kf8 47. Bc4
e3 48. Qxe3 Qb7+ 49. Qf3 Qf7 50. Qd5 f4 51. g4 h5 52. Re8+ Qxe8 53. Qxg8+ Ke7
54. Qxe8+ Kxe8 55. gxh5 Kf8 56. h6 f3+ 57. Kxf3 Ke7 58. h7 Kd6 59. Ba2 c4 60.
h8=Q c3 61. Qxc3 Kd7 62. Qf6 Ke8 63. Qg7 Kd8 64. h4 Ke8 65. h5 Kd8 66. h6 Ke8
67. h7 Kd8 68. h8=R# Ke8 1-0

[Event "Mistrzostwa Polski Mlodzikow do lat 10 - Chlopcy"]
[Site "Karpacz"]
[Date "1899-12-30"]
[Round "6.21"]
[White "Seemann, Jakub"]
[Black "Bartoszczuk, Adam"]
[Result "1-0"]
[WhiteTitle "II+"]
[BlackTitle "III"]
[WhiteElo "1395"]
[BlackElo "1142"]

1. e4 c5 2. c3 d5 3. exd5 Qxd5 4. d4 Nc6 5. Nf3 e6 6. Na3 Nf6 7. Nb5 Qd8 8. Bf4
Nd5 9. Bg3 a6 10. Na3 Be7 11. Nc2 b6 12. Bd3 Bb7 13. O-O Rc8 14. Qe2 b5 15. dxc5
Bxc5 16. a4 b4 17. Bxa6 Bxa6 18. Qxa6 bxc3 19. bxc3 Nxc3 20. Kh1 Nd5 21. Rfc1
O-O 22. a5 Qd7 23. Qd3 Ra8 24. Ng5 f5 25. Qe2 Rf6 26. Qb5 Ba7 27. a6 f4 28. Bh4
h6 29. Ne4 Rff8 30. f3 Rfb8 31. Qa4 Rb2 32. Qa3 Rab8 33. Qd6 Qxd6 34. Nxd6 Ne5
35. Ne1 g5 36. Nc8 Be3 37. a7 Ra8 38. Rcb1 Rxb1 39. Rxb1 Bxa7 40. Nxa7 Rxa7 41.
Bf2 Ra2 42. Bd4 Nc6 43. Rb2 Ra4 44. Bf2 Ne3 45. Bxe3 fxe3 46. Re2 Ra3 47. Nc2
Nd4 48. Nxa3 Nxe2 49. Nc4 Kf7 50. Nxe3 Kf6 51. h3 Ke5 52. Ng4+ Kf4 53. Nxh6 Kg3
54. Nf7 Kf4 55. Kh2 Kf5 56. g3 Nd4 57. Kg2 e5 58. Kf2 Kf6 59. Nd6 Nf5 60. Nxf5
Kxf5 61. Ke3 Ke6 62. Ke4 Kf6 63. h4 gxh4 64. gxh4 Ke6 65. h5 Kf6 66. h6 Kg6 67.
Kxe5 Kxh6 68. f4 Kg7 69. Ke6 Kf8 70. Kf6 1-0

[Event "Mistrzostwa Polski Mlodzikow do lat 10 - Chlopcy"]
[Site "Karpacz"]
[Date "1899-12-30"]
[Round "6.22"]
[White "Iwaszkiewicz, Grzegorz"]
[Black "Janeczko, Jakub"]
[Result "1/2-1/2"]
[WhiteTitle "II"]
[BlackTitle "II"]
[WhiteElo "1330"]
[BlackElo "1128"]

1. d4 d5 2. c4 e6 3. Nc3 Nf6 4. Bg5 Be7 5. e3 a6 6. Bd3 O-O 7. Nf3 h6 8. Bxf6 Bxf6
9. O-O Nc6 10. a3 Re8 11. cxd5 exd5 12. h3 Be6 13. Qd2 Bg5 14. b4 Qf6 15. Rfb1
Bxh3 16. Nxd5 Qd6 17. gxh3 Qxd5 18. Nxg5 Qxg5+ 19. Kh1 Nxd4 20. Bh7+ Kxh7 21.
Qxd4 Qf6 22. Qxf6 gxf6 23. Rg1 Rad8 24. Rac1 Re7 25. Rc3 c6 26. f3 Rg8 27. Rxg8
Kxg8 28. e4 Rd7 29. Kg2 Kg7 30. Kg3 Kg6 31. Kf4 h5 32. h4 Rd6 33. Rb3 Rd1 34.
Rc3 Rh1 35. Kg3 Rd1 36. Kf4 Rd4 37. Rb3 f5 38. Ke5 Rc4 39. exf5+ Kg7 40. f4 f6+
41. Kd6 Rxf4 42. Kc7 Rxf5 43. Kxb7 Rb5+ 44. Kxc6 1/2-1/2

[Event "Mistrzostwa Polski Mlodzikow do lat 10 - Chlopcy"]
[Site "Karpacz"]
[Date "1899-12-30"]
[Round "6.23"]
[White "Turowski, Maciej"]
[Black "Jurewicz, Igor"]
[Result "1-0"]
[WhiteTitle "III"]
[BlackTitle "III"]
[WhiteElo "1259"]
[BlackElo "1104"]

1. d4 Nf6 2. Bg5 g6 3. Bxf6 exf6 4. c4 Bg7 5. e3 O-O 6. Nc3 c6 7. g3 d5 8. cxd5
cxd5 9. Bg2 Be6 10. Qb3 Nc6 11. Qxb7 Na5 12. Qa6 Bc8 13. Qe2 Bb7 14. Nf3 Qd6 15.
Qb5 Qb6 16. Qxb6 axb6 17. O-O Nc4 18. Nh4 Nxb2 19. Rfb1 Nc4 20. Nxd5 Bxd5 21.
Bxd5 Rac8 22. Bxc4 Rxc4 23. Rxb6 f5 24. Ra6 Rfc8 25. a4 Bf8 26. Ra7 Kg7 27. Nf3
Kh6 28. h4 Kh5 29. Rxf7 Kg4 30. Ne5+ Kh3 31. Nxc4 Rxc4 32. Rxf8 h6 33. a5 g5 34.
hxg5 hxg5 35. a6 f4 36. a7 fxg3 37. fxg3 Rc2 38. a8=Q Rg2+ 39. Qxg2+ Kg4 40. Qe4+
Kh3 41. Rf3 g4 42. Qh7# 1-0

[Event "Mistrzostwa Polski Mlodzikow do lat 10 - Chlopcy"]
[Site "Karpacz"]
[Date "1899-12-30"]
[Round "6.24"]
[White "Baszczynski, Gabriel"]
[Black "Podlewski, Szymon"]
[Result "1-0"]
[WhiteTitle "III"]
[BlackTitle "II"]
[WhiteElo "1059"]
[BlackElo "1243"]

1. e4 c6 2. d4 d5 3. Nc3 dxe4 4. Nxe4 Bf5 5. Ng3 Bg6 6. Nf3 Nd7 7. Bd3 Bxd3 8.
Qxd3 Ngf6 9. O-O e6 10. Bg5 Be7 11. Rfe1 Qc7 12. c3 O-O-O 13. Nf5 Bd6 14. Nxd6+
Qxd6 15. Qc2 h6 16. Bh4 Rde8 17. Ne5 Qe7 18. Qa4 a6 19. Nxc6 bxc6 20. Qxc6+ Kb8
21. Qxa6 e5 22. dxe5 Qe6 23. Qxe6 Rxe6 24. exf6 Rxe1+ 25. Rxe1 gxf6 26. Re7 Rd8
27. f4 Nc5 28. Bxf6 Rd1+ 29. Kf2 Rd2+ 30. Re2 Ne4+ 31. Kf3 Rxe2 32. Be5+ Kb7 33.
Kxe2 f6 34. Bd4 f5 35. b4 Kc6 36. Be5 Kb5 37. Ke3 1-0

[Event "Mistrzostwa Polski Mlodzikow do lat 10 - Chlopcy"]
[Site "Karpacz"]
[Date "1899-12-30"]
[Round "6.25"]
[White "Raclawicki, Tymoteusz"]
[Black "Leski, Franciszek"]
[Result "1-0"]
[WhiteTitle "III"]
[BlackTitle "III"]
[WhiteElo "1229"]
[BlackElo "1071"]

1. e4 c5 2. Nf3 Nc6 3. d4 cxd4 4. Nxd4 Nf6 5. Nc3 e5 6. Ndb5 d6 7. Nd5 Nxd5 8.
exd5 Ne7 9. Be3 a6 10. Nc3 g6 11. Qd2 Bg7 12. Bh6 O-O 13. O-O-O b5 14. Bxg7 Kxg7
15. Ne4 Bb7 16. h4 a5 17. h5 Ng8 18. hxg6 hxg6 19. Bxb5 Bc8 20. Rh2 Rb8 21. Rdh1
Re8 22. Bxe8 Qxe8 23. Rh8 Kf8 24. Rxg8+ Ke7 25. Qg5+ Kd7 26. Rxe8 Kxe8 27. Rh8+
Kd7 28. Qd8# 1-0

[Event "Mistrzostwa Polski Mlodzikow do lat 10 - Chlopcy"]
[Site "Karpacz"]
[Date "1899-12-30"]
[Round "6.26"]
[White "Karp, Kacper"]
[Black "Rog, Bartlomiej"]
[Result "0-1"]
[WhiteTitle "II"]
[BlackTitle "III"]
[WhiteElo "1078"]
[BlackElo "1167"]

1. e4 c5 2. Nf3 Nc6 3. d4 cxd4 4. Nxd4 Nf6 5. Nc3 d6 6. Bg5 e6 7. f4 a6 8. Qd2
Bd7 9. O-O-O b5 10. h3 Qb6 11. Nxc6 Bxc6 12. e5 dxe5 13. fxe5 Nd5 14. Bd3 Bc5
15. Kb1 O-O 16. Ne4 Be3 17. Qe2 b4 18. Qh5 Bxg5 19. Nxg5 h6 20. Ne4 Nc3+ 21. Nxc3
bxc3 22. b3 Qa5 23. Ka1 Qa3 24. Rb1 a5 25. Rhg1 a4 26. Bc4 axb3 27. Bxb3 Bd5 28.
Qf3 Qxa2+ 29. Bxa2 Rxa2# 0-1

[Event "Mistrzostwa Polski Mlodzikow do lat 10 - Chlopcy"]
[Site "Karpacz"]
[Date "1899-12-30"]
[Round "6.28"]
[White "Musial, Igor"]
[Black "Pawlowski, Kamil"]
[Result "1-0"]
[WhiteTitle "II"]
[BlackTitle "III"]
[WhiteElo "1258"]
[BlackElo "1060"]

1. e4 e5 2. Nf3 Nc6 3. Bb5 d6 4. c3 Bd7 5. d4 Nf6 6. Qe2 Be7 7. O-O O-O 8. d5 Nb8
9. Bd3 c6 10. c4 Na6 11. b3 Nc5 12. Ba3 Nxd3 13. Qxd3 c5 14. Bb2 a6 15. Nbd2 b5
16. Rfe1 Nh5 17. Nf1 Nf4 18. Qe3 Rb8 19. Bc1 Bg5 20. Nxg5 Qxg5 21. Qg3 Qxg3 22.
Nxg3 bxc4 23. bxc4 Ng6 24. Ba3 Ne7 25. Rab1 Ba4 26. Rec1 Rxb1 27. Rxb1 Nc8 28.
f3 Bc2 29. Rc1 Bd3 30. Nf5 Rd8 31. Ne3 Nb6 32. Rc3 Bb1 33. Rb3 Nxc4 34. Nxc4 Bxa2
35. Rc3 g5 36. Kf2 Kg7 37. Na5 Kg6 38. Ke3 Rb8 39. Rc2 Bb3 40. Rb2 f5 41. Rxb3
Rxb3+ 42. Nxb3 f4+ 43. Kf2 h5 44. g3 h4 45. gxh4 gxh4 46. Kg2 Kh5 47. Na5 Kg5
48. Nc4 Kh5 49. Nxd6 Kg6 50. Bxc5 Kf6 51. Nf5 Kf7 52. Nxh4 a5 53. Nf5 a4 54. h4
Kg6 55. d6 a3 56. Bxa3 Kf7 57. d7 Ke6 58. d8=Q Kf7 59. Qe7+ Kg6 60. Qg7+ Kh5 61.
Qg5# 1-0